Bundesliga Winners Tile Select - Statistics

General Stats
  • This quiz has been taken 122 times
  • The average score is 31 of 48
Answer Stats
Question Tile Select % Correct
Bundesliga / German Football Championship Winners Alemannia Aachen No
96%
Bundesliga / German Football Championship Winners Bayern Munich Yes
95%
Bundesliga / German Football Championship Winners 1. FSV Mainz 05 No
93%
Bundesliga / German Football Championship Winners Borussia Dortmund Yes
92%
Bundesliga / German Football Championship Winners FC Ingolstadt 04 No
92%
Bundesliga / German Football Championship Winners 1. FC Saarbrücken No
90%
Bundesliga / German Football Championship Winners Arminia Bielefeld No
90%
Bundesliga / German Football Championship Winners Borussia Mönchengladbach Yes
90%
Bundesliga / German Football Championship Winners FC Energie Cottbus No
90%
Bundesliga / German Football Championship Winners Hamburger SV Yes
90%
Bundesliga / German Football Championship Winners 1. FC Union Berlin No
89%
Bundesliga / German Football Championship Winners Admira Wien No
89%
Bundesliga / German Football Championship Winners FC Hansa Rostock No
89%
Bundesliga / German Football Championship Winners Wuppertaler SV No
89%
Bundesliga / German Football Championship Winners 1. FC Kaiserslautern Yes
87%
Bundesliga / German Football Championship Winners FC Augsburg No
87%
Bundesliga / German Football Championship Winners DFC Prag No
86%
Bundesliga / German Football Championship Winners Werder Bremen Yes
86%
Bundesliga / German Football Championship Winners 1. FC Köln Yes
85%
Bundesliga / German Football Championship Winners RB Leipzig No
85%
Bundesliga / German Football Championship Winners FC St.Pauli No
84%
Bundesliga / German Football Championship Winners VfB Stuttgart Yes
84%
Bundesliga / German Football Championship Winners Austria Wien No
81%
Bundesliga / German Football Championship Winners FSV Frankfurt No
80%
Bundesliga / German Football Championship Winners SC Freiburg No
80%
Bundesliga / German Football Championship Winners TSG 1899 Hoffenheim No
80%
Bundesliga / German Football Championship Winners VfL Wolfsburg Yes
80%
Bundesliga / German Football Championship Winners 1. FC Nürnberg Yes
73%
Bundesliga / German Football Championship Winners Schalke 04 Yes
72%
Bundesliga / German Football Championship Winners Bayer Leverkusen Yes
71%
Bundesliga / German Football Championship Winners Eintracht Frankfurt Yes
70%
Bundesliga / German Football Championship Winners 1860 Munich Yes
68%
Bundesliga / German Football Championship Winners Hertha BSC Yes
49%
Bundesliga / German Football Championship Winners Eintracht Braunschweig Yes
43%
Bundesliga / German Football Championship Winners Hannover 96 Yes
43%
Bundesliga / German Football Championship Winners Fortuna Düsseldorf Yes
35%
Bundesliga / German Football Championship Winners Rapid Wien Yes
33%
Bundesliga / German Football Championship Winners Dresdner SC Yes
23%
Bundesliga / German Football Championship Winners Rot-Weiss Essen Yes
22%
Bundesliga / German Football Championship Winners Karlsruher SC Yes
21%
Bundesliga / German Football Championship Winners Greuther Fürth Yes
20%
Bundesliga / German Football Championship Winners BFC Viktoria 1889 Yes
18%
Bundesliga / German Football Championship Winners Karlsruher FV Yes
16%
Bundesliga / German Football Championship Winners 1. FC Lokomotive Leipzig Yes
15%
Bundesliga / German Football Championship Winners Freiburger FC Yes
14%
Bundesliga / German Football Championship Winners VfR Mannheim Yes
14%
Bundesliga / German Football Championship Winners Holstein Kiel Yes
12%
Bundesliga / German Football Championship Winners Blau-Weiß 1890 Berlin Yes
11%
No matching quizzes found
Score Distribution
Percent of People with Each Score
Percentile by Number Answered
Your Score History
You have not taken this quiz